000 00394nam a2200145Ia 4500
008 230917s9999||||xx |||||||||||||| ||und||
040 _e122946
_aMAIN
041 _aEnglish
082 _a330.9 I2I
100 _aIndian Institute of banking and finance
245 0 _aTechnical and fundamental analysis of companies
260 _aNew Delhi
_bTaxmann
_c2004
300 _a130p. p.
942 _cBK
999 _c120554
_d120554